O mistério do diário (Record no. 44691)
[ view plain ]
| 000 -Etiqueta do registo | |
|---|---|
| Valores | 00616nam a2200217 4500 |
| 100 ## - Dados gerais de processamento | |
| Dados gerais | 20170126f19801989a y0pory5003 ba |
| 101 1# - Língua de publicação | |
| Língua | por |
| 102 ## - País de publicação | |
| País | PT |
| 200 1# - Titulo e menção de responsabilidade | |
| Título próprio | O mistério do diário |
| Primeira menção de responsabilidade | Carolyn Keene |
| Outras menções de responsabilidade | trad. Maria de Lurdes Saraiva |
| 210 ## - Publicação | |
| Local de publicação | Lisboa |
| Nome do editor | Verbo |
| Data de publicação | [198-?] |
| 215 ## - Descrição física | |
| Paginação / Volumes | 189 p. |
| Outras indicações físicas | il. |
| Dimensões | 19 cm |
| 225 2# - Colecção | |
| Título próprio da colecção | Os inquéritos de Nancy |
| Indicação de volume | 7 |
| 304 ## - Nota relativa ao título | |
| Texto de nota | Tít. orig.: The clue in the diary. |
| 675 ## - CDU | |
| Notação | 82-311.3 |
| Edição | med |
| Língua | por |
| 675 ## - CDU | |
| Notação | 087.5-053.6 |
| Edição | med |
| Língua | por |
| 700 #1 - Autor principal | |
| Apelido | Keene |
| Nome | Carolyn |
| 702 #1 - Autor secundário | |
| Apelido | Saraiva |
| Nome | Maria de Lurdes |
| Função | 730 |
| 801 #0 - Fonte de origem | |
| País | PT |
| Agência | BPMFF |
| Regras de catalogação | RPC |
| 990 ## - Elementos KOHA | |
| Tipo de documento | Livro |
| Aquisição | Empréstimo | Código de barras | Cota | Permissão de empréstimo | Tipo de documento |
|---|---|---|---|---|---|
| Biblioteca Municipal de Redondo | Biblioteca Municipal de Redondo | 054603 | 82-93 KEE | Livro |